Online Catalogue and eLibrary

Badu ugas gannage birinda saha thawath japan keti katha (Record no. 5229)

MARC details
000 -LEADER
fixed length control field 00447nam a2200157Ia 4500
005 - DATE AND TIME OF LATEST TRANSACTION
control field 20250317012345.0
008 - FIXED-LENGTH DATA ELEMENTS--GENERAL INFORMATION
fixed length control field 240331s9999 xx 000 0 und d
020 ## - INTERNATIONAL STANDARD BOOK NUMBER
ISBN 955952427X
082 ## - DDC Classification
Item Number - Author Mark DEM
Class No. 800
100 ## - MAIN ENTRY--PERSONAL NAME
Personal name De Mel,L.P
245 #0 - TITLE STATEMENT
Title Badu ugas gannage birinda saha thawath japan keti katha
260 ## - PUBLICATION, DISTRIBUTION, ETC.
Place of publication, distribution, etc. Borelsgamuwa
Name of publisher, distributor, etc. Prapputha Publishers ( Pvt) Ltd
Date of publication, distribution, etc. 1990
300 ## - PHYSICAL DESCRIPTION
Extent (e.g. Volumes, Pages etc.) 129 p .,
650 ## - SUBJECT ADDED ENTRY--TOPICAL TERM
Topical term or geographic name entry element Japanese Translated Short Stories
942 ## - Koha item type (Biblio)
Koha item type Books in Stacks (Lending)
Holdings
Lost status Damaged status Collection code Home library Current library Shelving location Date acquired Full call number Accession Number Item type
    Lending WERC Library WERC Library Social Science Cupboard 03/31/2024 800 DEM 1442 Books in Stacks (Lending)

© WERC Library